000 00338nam a2200133Ia 4500
008 240624s9999 xx 000 0 und d
041 _aeng
082 _a332.1 HEN
100 _aHENS THORSTEN
245 _aBEHAVIOURAL FINANCE FOR PRIVATE BANKING
260 _c2008
_aChichester
_bJohn Wiley & Sons
300 _a270 : p.
365 _c
_b30
999 _c19196
_d19196